Quizzes
Events
Quiz Creation
Community
Videos
Private Events
Remove Ads
Sign In
Join for FREE
Feedback
Dark Mode
Quiz Categories
Sports
Geography
Music
Movies
Television
Just For Fun
Miscellaneous
History
Literature
Language
Science
Gaming
Entertainment
Religion
Holiday
For Kids
Quiz Lab
Recent
Popular Today
Quiz Kudos Today
Editor Picks
Curator Picks
Quizzes by...
Day
Popularity
Type
Ratings
Length
Year
Community
Subscriptions
Recent Discussions
Orange Saloon
Badges
Playlists
Quests
Create
Leaderboards
Showdown
Live 5
Trivia Bingo
Activity
Puzzle Library
Sporcle Events
Private Events
Virtual Trivia
Globe League
Become a Host
Pub Owners
SporcleCon
Opinionation
Our Games
Videos
Blog
Mobile Apps
Partnerships
Remove Ads and Go Orange
Feedback
Language
Vocabulary
Begins and Ends
Definition
Spanish
French
German
Italian
Chinese
Latin
Translation
Japanese
Language
Vocabulary
Begins and Ends
Definition
Spanish
French
German
Italian
Chinese
Latin
Translation
Japanese
Random Quiz
Search Sporcle
×
Quiz Lab
Quiz Lab
Language
Vocabulary
Type in answers that appear in a list
Type in answers that appear in a list
Classic
Best Score? Go Orange.
Check_in Unit 2 Stats
Can you name the vocabulary: Check_in Unit 2?
By
Knight_B
10m
35 Questions
79 Plays
79 Plays
79 Plays
Comments
Comments
Give Quiz Kudos
Give Quiz Kudos
-
- Ratings
hide this ad
Replay
Link that replays current quiz
Next Quiz
Link to next quiz in quiz playlist
You Got
0%
They Got
Avg Score
55%
Avg Friend Score
Upgrade to see
Score Distribution
Jump to the score distribution portion of the page
Score
0/35
Timer
10:00
0
Plays Today
hint
answer (word/phrase)
% Correct
railway system/
tracks/
trains/
waggons/
roads
roads
96.2%
social work/
lawyer/
musician/
architect/
journalist
social work
88.6%
to study/
to erase/
to raise your arm/
higher education/
to take an exam
higher education
84.8%
The process of building a house is its_
_
_
_
_
_
_
_
_
_
.
construction
67.1%
Don´t worry about him. You´re able to confide in me. I´m a reliable* human being.
unreliable
67.1%
A person who doesn't live anymore is a_
_
_
_
_
_
_
_
_
_
.
dead body
65.8%
Students are always excited when they take an_
_
_
_
_
_
_
_
_
_
.
exam
65.8%
Some pupils drop out of school, because they´re too lazy to_
_
_
_
_
_
_
_
.
study
64.6%
A_
_
_
_
_
_
_
_
is a woman whose job is to take care of injured/
sick people.
nurse
62%
He doesn´t have any experience in his new career*.
job
62%
_
_
_
_
_
_
_
_
are people who design buildings.
Architects
62%
My aunt is an experienced lawyer* who is qualified to speak in a court of law.
law
60.8%
suitable
to suit sth
59.5%
In German primary schools English is the first foreign language*.
mother tongue
58.2%
I want to know your opinion. Please, fill in this_
_
_
_
_
_
_
_
_
and mark the write answers with a cross.
questionnaire
57%
Her work experience helped her to make this decision, which was very important for her later_
_
_
_
_
_
_
_
.
career
57%
In many jobs, you should have done a_
_
_
_
_
_
_
_
in a social organization.
work experience
57%
A very popular_
_
_
_
_
_
_
_
is that women aren´t able to park their cars.
stereotype
55.7%
hint
answer (word/phrase)
% Correct
People who play an instrument or write music as their job are_
_
_
_
_
_
_
_
_
_
.
musicians
53.2%
Teachers always behave in a tactful* way, because they don´t want to upset their pupils.
tactless
53.2%
If I had the chance* of becoming a superstar, I wouldn´t realise it.
opportunity
50.6%
competitive
competition
50.6%
education
to educate
50.6%
_
_
_
_
_
_
_
are companies which lend and keep money
Banks
49.4%
The organization of tracks, trains and necessary workers.= the_
_
_
_
_
_
_
_
railway system
49.4%
My sister decided to continue on higher education*.
university
49.4%
technical
technology
46.8%
practical
impractical
41.8%
practical
practice
39.2%
competitive
uncompetitive
39.2%
Journalists make surveys and later they publish_
_
_
_
_
_
_
_
_
with charts and a collection of information.
statistics
38%
dependable
reliable
31.6%
to reach
reachable
31.6%
construction
constructional
30.4%
to arrive at sth
to reach
29.1%
Quiz Playlist
Details
Report
Send in Message
Add To Playlist
Classic:
Type in answers that appear in a list
Last Updated: Feb 16, 2017
Quiz Scoreboard
CHALLENGE
Sign Up to Join the Scoreboard
Show All
Scores
Hide
Comments
May contain spoilers
Recently Published
College Basketball Coaching Resumes
by pancakes188
Sports
9m
Billboard Blitz: Fleetwood Mac
by CooCooCachoo
Music
15s
Presidents Visiting Landmarks
by Hejman
History
7m
More to Explore
Quiz From the Vault
Featured Blog Post
Where Did the Easter Bunny Come From?
hide this ad
You Might Also Like...
Tags
Vocabulary Quiz
check
Extra
phrase
unit
Unit 2
Today's Top Quizzes in Language
Browse Language
hide this ad
Today's Top Quizzes in Vocabulary
Browse Vocabulary
Top Contributed Quizzes in Language
1
1-10 Letter F Words III
2
1-10 Letter G Words III
3
Alphabetize! : 'As' words
4
1-10 Letter H Words III
5
Order Up: Top 10 Most Native Spoken Languages
6
Celtic Nations in their Language
7
One Thing in Common: Italy
8
1-10 Letter I Words III
9
1-10 Letter J Words III
10
Weisst du, aus welchen Sprachen diese Wörter stammen?
Explore More
Trending Topics
Kpop
Marvel
Harry Potter
Disney
Anime
Crossword
NBA
Pokémon
Country
Puzzle
Song
NFL
Soccer
WWE
The Office
hide this ad
More By:
Knight_B
Quiz
Plays
Rating
Category
Featured
Created
Check_in Unit 2
79
Language
Nov 22, 2011
Go to Creator's Profile
Score Distribution
Quiz Creator Spotlight
Knight_B
Follow
Send a Message
Quizzes Created
-
Created Quiz Play Count
-
More By This Creator
Popular Quizzes Today
1
Find the US States - No Outlines Minefield
2
Find the Countries of Europe - No Outlines Minefield
3
The Countries of the World
4
Find the US States
5
Risky Map Clicking: Biggest States A-Z
6
US States
7
Popular People in 1961
8
Movies - When Are They Set?
More Language Quizzes
Vocabulary Blitz
Published
Trending Quizzes
Risky Map Clicking: Least Populous States A-Z
1-10 Letter G Words
1-10 Letter F Words
Risky Map Clicking: Next State Alphabetically
Risky Map Clicking: Biggest States A-Z
Recently Updated
Leaping Animals
pecheneg
Reality TV Shows (A-Z)
bhenderson79
Rickey Henderson's Hall of Fame Teammates
pecheneg
Champions League XIs: Arsenal
pecheneg
Quick Pick: Celebrities in WWE's Hall of Fame
aduchscher
A-Z Keypad Blitz II
pecheneg
Multiple Oscar Actors
pecheneg
Mystery Phrase Blitz: Oscar 'Best Actors'
pecheneg
F. Scott Fitzgerald Novels
LTH
Pick 3 Villains
ddd62291
Trending Topics
Disney
Harry Potter
Crossword
NBA
Anime
Marvel
Kpop
WWE
Soccer
Puzzle
The Office
Pokémon
Song
NFL
Country
Your Account Isn't Verified!
In order to create a playlist on Sporcle, you need to verify the email address you used during registration. Go to your
Sporcle Settings
to finish the process.
Report this User
Report this user for behavior that violates our
Community Guidelines
.
Details:
Send Report
Go to the Sporcle.com Mobile Site →
Comments